000 00615nam a2200193Ia 4500
005 20250508153353.0
008 008 250505s9999 xx 000 0 eng d
037 _aBooks to be hide in OPAC
040 _aFEDL
_beng
_cFEDL
041 _aeng
_2eng
084 _a370.97, UNI/O
_qFEDL
100 _aRice Mabel C
_9763790
245 0 _aEarned degrees conferred by higher educational institutions 1954-55
260 _aWashington, USA
_bU.S. Government Printing Office
_c1956
300 _avi,138p.
700 _a Carlson Neva A
_9763791
942 _cHB
_h370.97, UNI/O
999 _c1342367
_d1342367